| 000 | 01120nam a2200301 i 4500 | ||
|---|---|---|---|
| 003 | EG-GICUC | ||
| 005 | 20260419131522.0 | ||
| 008 | 260419r2016 ua ||||fr|||| 00| 0 ara d | ||
| 017 |
_a4302/2016 _d2016 |
||
| 040 |
_a EG-GICUC _bara _c EG-GICUC _d EG-GICUC _erda |
||
| 041 |
_aara _hara |
||
| 082 | 0 | 4 |
_221 _a345.82224 _bم ص . م |
| 092 | 0 | 4 | _221 |
| 099 | _aLaw1 07 345.82224 م ص . م 2016 | ||
| 100 | 1 |
_aمصطفى امين الصدفى _eAuthor. |
|
| 245 | 1 | 0 |
_aمنازعات العقود الاداريه فى القضاء المصري / _cمصطفى امين الصدفى. |
| 264 | 1 |
_a[دون مكان نشر] : _b[دون ناشر], _c2016. |
|
| 300 |
_a510 صفحة _bإيضاحيات، صور، مثيليات ؛ _c24 سم |
||
| 336 |
_2rda content _atext |
||
| 337 |
_2rda media _aComputer |
||
| 338 |
_2rda carrier _aOnline Resource |
||
| 546 | _aالنص باللغة العربية | ||
| 650 | 1 | 4 |
_aالاختصاص بمنازعات العقود الإدارية _2qrmak |
| 651 | 1 | _2qrmak | |
| 856 | 4 | 0 | _uhttps://fll.law.cu.edu.eg/B07-02869/bks/test.pdf |
| 905 | _a163 | ||
| 942 |
_2ddc _cBK _e21 _n0 |
||
| 999 |
_c71927 _d71927 |
||